Responses for Show #5302 - Tuesday, October 2, 2007

Contestants

[<< previous game]

Todd Butler, a fourth grade teacher from Mansfield, Texas

Jen Maloney, an in-house security and web designer from Millersville, Maryland

Brett Chandler, a stay-at-home dad from Whitehorse, Yukon Territory, Canada (whose 1-day cash winnings total $27,600)

[next game >>]

Jeopardy! Round responses

U.S.A.
I NEED MORE SPACE!
SLOGANEERING
A HERCULEAN EFFORT
WINE
"M"-OBILIZED
    $200 3
Hawaii

Todd
    $200 8
Barbie

Brett
    $200 1
"I'm lovin' it"

Todd
    $200 21
Hera

Todd
    $200 26
California

Brett
    $200 13
a metronome

Todd
    $400 4
Chicago

Jen
    $400 9
a cereal

Jen
    $400 2
New Coke

Todd
    $400 22
Cerberus

Todd
    $400 27
Champagne

Brett
    $400 14
a mushroom

Todd
    $600 5
pecans

Brett
    $600 10
Kennedy Space Center

Jen
    $600 18
Timothy Leary

Todd
    $600 23
Jason

Todd
    $600 28
the Rhine

Todd
    $600 15
a mogul

Jen
    $1,000 6
(Brett: What is Texas?)

Nevada

Brett
    $800 11
Lost in Space

Jen
    $800 19
South Dakota

Todd
    $800 24
Atlas

Todd
    $800 29
(Brett: What is Mogen David?)

Manischewitz

Brett
Triple Stumper
    $800 16
manicotti

Todd
    $1000 7
Mississippi

Todd
    $1000 12
The Tempest

Todd
    $1000 20
Frontier

Jen
    $1000 25
a bull

Todd
    $1000 30
Chablis

Jen
    $1000 17
a monogamist

Brett

Scores at the first commercial break (after clue 15):

Brett Jen Todd
-$200 $2,800 $3,400

Scores at the end of the Jeopardy! Round:

Brett Jen Todd
$600 $4,800 $9,200

Double Jeopardy! Round responses

USA NETWORK
THE SCINTALLATING 1700s
BACK TO THE DRAWING BOARD
IT'S A GAS!
TITLE POSSESSIONS
CONJUNCTION JUNCTION
    $400 26
Walker, Texas Ranger

Todd
    $400 16
the Thames

Jen
    $400 1
Charles Schulz

Triple Stumper
    $400 6
Freon

Todd
    $400 11
"The Confessions"

Todd
    $400 21
or

Todd
    $800 27
Monk

Todd
    $800 17
a ballet dancer

Triple Stumper
    $800 2
Garry Trudeau

Brett
    $800 7
helium

Brett
    $800 12
"The Education"

Triple Stumper
    $800 22
(Brett: What is or--what is through?)
(Todd: What is neither?)
...
[Todd's response is later ruled correct, as "immediately before" was not specified.]

nor

BrettJenTodd
    $800 28
Rudy

Todd
    $1200 18
Catherine the Great

Brett
    $1200 3
Charles Addams

Brett
    $1,500 8
(Brett: What is argon?)

xenon

Brett
    $1200 13
"The Apprenticeship"

Brett
    $1200 23
and

Todd
    $1600 29
the U.S. Open

Brett
    $1600 19
(Brett: Who is the Marquis de Sade?)

Casanova

BrettTodd
    $1600 4
Cathy Guisewite

Brett
    $1600 9
carbon dioxide

Brett
    $1600 14
"The Mystery"

Todd
    $1600 24
yet

Brett
    $2000 30
Nashville Star

Triple Stumper
    $2000 20
(Brett: What is The Threepenny Opera?)

The Beggar's Opera

Brett
Triple Stumper
    $2000 5
(Walt) Kelly

Brett
    $2000 10
ammonia

Brett
    $2000 15
"The Sorrows"

Triple Stumper
    $2000 25
(Alex: The poisonous element is arsenic--[*].)

as

Triple Stumper

Scores at the end of the Double Jeopardy! Round:

Brett Jen Todd
$10,300 $6,000 $17,600

[wagering suggestions for these scores]

Final Jeopardy! Round responses

TRAINS
(Alex: No, you guys went to the wrong country. You went to Nepal instead of Tibet. The capital of Tibet is [*]; the other city, of course, is [*].)
JenWhat is Katmandu + Beijing? Hi all
$5,950
BrettWhat is Beijing & Katmandu/
$10,300
ToddWhat are Katmandu and Hong Kong
$3,001
Beijing & Lhasa

Final scores:

Brett Jen Todd
$0 $50 $14,599
3rd place: $1,000 2nd place: $2,000 New champion: $14,599

Game dynamics:

Coryat scores:

Brett Jen Todd
$12,800 $6,000 $18,000
16 R,
6 W
(including 2 DDs)
9 R,
0 W
26 R
(including 1 DD),
0 W

Combined Coryat: $36,800

[game clues] [game scores] [suggest correction]

Game tape date: 2007-07-25
The J! Archive is created by fans, for fans. Scraping, republication, monetization, and malicious use prohibited; this site may use cookies and collect identifying information. See terms. The Jeopardy! game show and all elements thereof, including but not limited to copyright and trademark thereto, are the property of Jeopardy Productions, Inc. and are protected under law. This website is not affiliated with, sponsored by, or operated by Jeopardy Productions, Inc. Join the discussion at JBoard.tv.